| Tag |
First Indicator |
Second Indicator |
Subfields |
| LEADER |
00000cam a2200000 i 4500 |
| 001 |
in00004023913 |
| 005 |
20190117085134.0 |
| 006 |
m o d f |
| 007 |
cr bn||||a|||| |
| 008 |
180529s2018 dcu ob f000 0 eng c |
| 035 |
|
|
|a (OCoLC)on1037949489
|
| 042 |
|
|
|a pcc
|
| 043 |
|
|
|a n-us---
|
| 040 |
|
|
|a GPO
|b eng
|e rda
|e pn
|c GPO
|d GPO
|d MERUC
|d OCLCF
|d UOK
|d INT
|d GPO
|d MvI
|
| 049 |
|
|
|a WWW
|
| 050 |
|
4 |
|a KF32
|b .V4 2018c
|
| 074 |
|
|
|a 1008-I (online)
|
| 086 |
0 |
|
|a Y 1.1/8:115-681
|
| 110 |
1 |
|
|a United States.
|b Congress.
|b House.
|b Committee on Veterans' Affairs,
|e author.
|
| 245 |
1 |
0 |
|a VA Billing Accountability Act :
|b report (to accompany H.R. 1972) (including cost estimate of the Congressional Budget Office).
|
| 246 |
3 |
|
|a Department of Veterans Affairs Billing Accountability Act
|
| 264 |
|
1 |
|a [Washington, D.C.] :
|b [U. S. Government Publishing Office],
|c [2018]
|
| 300 |
|
|
|a 1 online resource (20 pages).
|
| 336 |
|
|
|a text
|b txt
|2 rdacontent
|
| 337 |
|
|
|a computer
|b c
|2 rdamedia
|
| 338 |
|
|
|a online resource
|b cr
|2 rdacarrier
|
| 490 |
1 |
|
|a Report / 115th Congress, 2d session, House of Representatives ;
|v 115-681
|
| 588 |
|
|
|a Description based on online resource; title from PDF title screen (govinfo web site, viewed on May 29, 2018).
|
| 500 |
|
|
|a "May 18, 2018."
|
| 504 |
|
|
|a Includes bibliographical references.
|
| 610 |
1 |
0 |
|a United States.
|b Department of Veterans Affairs
|x Rules and practice.
|
| 650 |
|
0 |
|a Copayments (Insurance)
|x Government policy
|z United States.
|
| 650 |
|
0 |
|a Veterans
|x Medical care
|x Law and legislation
|z United States.
|
| 655 |
|
7 |
|a Legislative materials.
|2 lcgft
|
| 776 |
0 |
8 |
|i Microfiche version:
|a United States. Congress. House. Committee on Veterans' Affairs.
|t VA Billing Accountability Act
|w (OCoLC)1056244737
|
| 776 |
0 |
8 |
|i Print version:
|a United States. Congress. House. Committee on Veterans' Affairs.
|t VA Billing Accountability Act
|w (OCoLC)1037949450
|
| 810 |
1 |
|
|a United States.
|b Congress.
|b House.
|t Report ;
|v 115-681.
|
| 856 |
4 |
0 |
|3 PDF version
|u https://purl.fdlp.gov/GPO/gpo92609
|t 0
|
| 856 |
4 |
0 |
|3 Text version
|u https://purl.fdlp.gov/GPO/gpo92610
|t 0
|
| 999 |
f |
f |
|s dbd92abb-0241-3623-84f5-f2a645cfd912
|i db0add66-5092-3922-be7a-69352a636f48
|t 0
|
| 952 |
f |
f |
|a Texas A&M University
|b College Station
|c Electronic Resources
|d Available Online
|t 0
|e Y 1.1/8:115-681
|h Superintendent of Documents classification
|
| 998 |
f |
f |
|a Y 1.1/8:115-681
|t 0
|l Available Online
|